Score 0/12 Timer 01:30
1 Play Today
Hint 4-Letter Word % Correct
TidyNEAT
95%
Make no longer straightBEND
94.9%
5,280 feetMILE
94.4%
Movement of air along currentsWIND
92.5%
Necklace componentBEAD
92.4%
Of a gentle temperament MILD
91.9%
Constrict with ropeBIND
91.2%
Tired, or word used to describe cohort of poetsBEAT
88.9%
Minnesota's NHL teamWILD
88.9%
March 23: National ____ [Last Rung] Day
OR close to
☄ NEAR ☄
84.6%
March 23: National [First Rung] ____ Day
OR Scarlett, America, or Marple title
☄ MISS ☄
68.3%
Set decoration in film: ___ en scèneMISE
68%

Today's Daily Dose

Remove Ads.
Support Sporcle.
Get the best of Sporcle when you Go Orange. This ad-free experience offers more features, more stats, and more fun while also helping to support Sporcle. Thank you for becoming a member.

You're not logged in!

Compare scores with friends on all Sporcle quizzes.
OR
Log In

Show Comments

Extras

Top Quizzes Today


Score Distribution

Your Account Isn't Verified!

In order to create a playlist on Sporcle, you need to verify the email address you used during registration. Go to your Sporcle Settings to finish the process.

Report this User

Report this user for behavior that violates our Community Guidelines.

Details: